| 000 | 01161nam a22003017a 4500 | ||
|---|---|---|---|
| 005 | 20180803170155.0 | ||
| 008 | 150917b2015 ck |||||r|||| 00| 0 spa d | ||
| 020 | _a9789588889184 | ||
| 040 |
_aCO-BoIAVH _cCO-BoIAVH |
||
| 041 | 0 | _aspa | |
| 044 | _ack | ||
| 082 | 0 | 4 |
_a615.321 _bD81p |
| 100 | 1 | _aDuarte Abadía, Bibiana | |
| 245 | 1 |
_aPlantas del páramo y sus usos para el buen vivir _bPáramos de Guerrero y Rabanal |
|
| 260 |
_aBogotá (Colombia): _bInstituto de Investigación de Recursos Biológicos Alexander von Humboldt, _c2015. |
||
| 300 |
_a60 páginas : _bmapas, ilustraciones y fotografías a color ; _c24 cm |
||
| 500 | _aIncluye guía de uso. | ||
| 650 | 4 |
_aPlantas útiles _vfichas técnicas |
|
| 650 | 6 | _aPlantas medicinales | |
| 650 | 6 |
_aRemedios tradicionales _xterapeútica |
|
| 650 | 6 | _aConocimiento tradicional | |
| 651 | 4 |
_aColombia _zPáramo de Guerrero |
|
| 651 | 4 |
_aColombia _zPáramo de Rabanal |
|
| 700 | 1 | _aParra-Ortega, Sandra Liliana | |
| 700 | 1 |
_aMenjura Morales, Tatiana _eEditor |
|
| 700 | 1 |
_aVásquez, Carlos _eEditor |
|
| 942 |
_2ddc _cLIBRO _03 |
||
| 999 |
_c17776 _d17776 |
||